000 01081cam a2200373 i 4500
001 0000630
003 DO-SdBNP
005 20231128120521.0
007 0000630
008 100514s 2005 mx | 000 f spa
015 _a
017 _a
_b
020 _a9707701307
035 _a
040 _aBPMSU
_bspa
_cBPMSU
_e
080 _a
082 4 _a332.6
_bK62e 2005
_222
100 1 _aKiyosaki, Robert T.
_d1947-
245 1 3 _aEl juego del dinero :
_bpor qué los inversionistas lentos pierden ¡y el dinero rápido gana! /
_cRobert T. Kiyosaki, Sharon L. Lechter
250 _a
260 _aMéxio :
_bSantillana Ediciones Generales,
_c2005.
_b
300 _a366 p.:
_c23 cm
490 0 _aPadre rico
500 _a
534 _aTítulo original :
_tWho took my money
590 _aInventariado, 2023/VM
650 4 _aInversiones.
650 4 _aFinanzas personales
650 4 _aPlanificación del patrimonio.
650 4 _aÉxito en los negocios.
700 1 _aLechter, Sharon L.
910 _aVMateo V. Control de calidad. BPMSU
942 _2ddc
_cBK
999 _c11237
_d11237